Asszimiláció, antiszemitizmus Magyarországon 1848-1944
Elmentve itt :
| Szerző: | |
|---|---|
| További közreműködők: | |
| Dokumentumtípus: | Szakdolgozat |
| Megjelent: |
1996
|
| Tárgyszavak: | |
| Online Access: | http://diploma.bibl.u-szeged.hu/23820 |
| LEADER | 00572nta a2200157 i 4500 | ||
|---|---|---|---|
| 001 | dipl23820 | ||
| 005 | 20130314082253.0 | ||
| 008 | 110912s1996 hu om 0|| zxx d | ||
| 040 | |a SZTE Diploma Repozitórium |b hun | ||
| 041 | |a zxx | ||
| 100 | 1 | |a Damjanovic Gábor | |
| 245 | 1 | 0 | |a Asszimiláció, antiszemitizmus Magyarországon 1848-1944 |h [elektronikus dokumentum] / |c Gábor Damjanovic |
| 260 | |c 1996 | ||
| 650 | 4 | |a Jogi és igazgatási tanulmányok | |
| 700 | 1 | |a Balog Iván |e ths | |
| 856 | 4 | 0 | |u http://diploma.bibl.u-szeged.hu/id/eprint/23820/1/1996_damjanovic_gabor.pdf |z Dokumentum-elérés |